000 00659nam a2200229Ia 4500
003 GCL
008 140319s9999 xx 000 0 ara d
020 _a9118281977
040 _aGCL /
_cGCL
082 0 4 _a339.46
_bك ف
100 1 _aعلى الدجوى
245 1 0 _aفهم الفقر /
_cعلى الدجوى
700 1 _aكوك , بيتى ال
260 _aالقاهرة :
_bالمكتبة الاكاديمية ،
_c1999
300 _a72 ص ؛
_c26 سم
490 _aكراسات عروض
_v0
650 0 4 _aالجوع
650 0 4 _aالفقراء
650 0 4 _aتكاليف مستوى المعيشة
650 0 4 _aالفقر
942 _2ddc
_cBK
999 _c342
_d342